[Event "33rd ECCC Open 2017"]
[Site "Antalya"]
[Date "2017.10.13"]
[Round "6"]
[White "Mamedyarov, Shakhriyar"]
[Black "Eljanov, Pavel"]
[Result "1/2-1/2"]
[WhiteElo "2791"]
[BlackElo "2720"]
[Annotator "TA"]
[PlyCount "60"]
[EventType "team-tourn"]
[EventCountry "TUR"]
[SourceTitle "playchess.com"]
[Source "ChessBase"]
[SourceQuality "1"]
[WhiteTeam "Globus"]
[BlackTeam "Alkaloid"]

{[%evp 16,60,13,22,25,33,33,12,12,12,16,12,12,7,8,0,6,3,4,0,0,0,-7,-12,-4,-10,0,-1,0,0,0,0,0,0,0,0,0,0,0,0,0,0,0,0,0,0,0]} 1. d4 d5 2. c4 dxc4 3. e3 Nf6 4. Bxc4 e6 5. Nf3 c5 6. O-O a6 7. b3 b6 {D27: Queen's Gambit Accepted: Classical main line: 7 e4!? and 7 a4} 8. Bb2 Bb7 9. dxc5 {[#] LiveBook: 3 Games. aiming for Qxd8+.} Bxc5 10. Qxd8+ Kxd8 11. Ne5 Ke7 $1 {The position is equal.} 12. Be2 Nbd7 13. Nd3 $146 ({Predecessor:} 13. Nxd7 Nxd7 14. Nd2 Rhd8 15. Bf3 Bxf3 16. Nxf3 {½-½ (79) Bluebaum,M (2634)-Caruana,F (2817) Karlsruhe 2017}) 13... Bd6 14. Nd2 b5 15. Bf3 Bxf3 16. Nxf3 Rhc8 17. Rfc1 g6 18. Kf1 Ne4 19. Ke2 f6 20. Nfe1 e5 ({Of course not} 20... Bxh2 21. g3 $14) 21. f3 Nec5 22. Nxc5 Nxc5 23. Nd3 Ke6 24. e4 Nxd3 25. Kxd3 Bb4 {Threatening ...Rd8+.} 26. Ke2 f5 27. Rxc8 Rxc8 28. Rc1 Rxc1 29. Bxc1 f4 30. Bd2 Bxd2 {Precision: White = 71%, Black = 76%.} 1/2-1/2

[Event "33rd ECCC Open 2017"]
[Site "Antalya"]
[Date "2017.10.14"]
[Round "6"]
[White "Ding, Liren"]
[Black "Kramnik, Vladimir"]
[Result "1/2-1/2"]
[WhiteElo "2772"]
[BlackElo "2794"]
[Annotator "TA"]
[PlyCount "107"]
[EventType "team-tourn"]
[EventCountry "TUR"]
[SourceTitle "playchess.com"]
[Source "ChessBase"]
[SourceQuality "1"]
[WhiteTeam "Alkaloid"]
[BlackTeam "Globus"]

{[%evp 16,107,21,6,7,18,12,17,15,5,15,6,9,6,24,20,16,11,17,2,25,22,24,0,0,-27,-29,-30,-34,-35,-47,-47,-13,-25,-21,-25,0,-2,0,-3,0,0,0,0,0,0,0,0,0,0,0,0,0,0,0,0,0,0,0,0,0,0,0,0,0,0,0,0,0,0,0,0,0,0,0,0,0,0,0,0,0,0,0,0,0,0,0,0,0,0,0,0,0,0]} 1. c4 e6 2. Nc3 d5 3. d4 Nf6 4. cxd5 Nxd5 5. e4 Nxc3 6. bxc3 c5 7. Rb1 Be7 {D35: Queen's Gambit Declined: Exchange Variation} 8. Nf3 O-O 9. Bc4 {LiveBook: 13 Games} a6 $146 ({Predecessor:} 9... Qc7 10. Qe2 a6 11. a4 cxd4 12. cxd4 Bd7 13. O-O Rc8 14. Bd3 Bxa4 15. d5 {1-0 (27) Matlakov,M (2728)-Aronian,L (2799) Tbilisi 2017}) 10. a4 Qc7 {Black wants to play ...cxd4.} 11. Bd3 cxd4 12. cxd4 Nc6 13. O-O Nb4 14. Ba3 Nxd3 15. Qxd3 Bxa3 16. Qxa3 Bd7 17. Ne5 Rfc8 18. Rfc1 Qd8 $1 19. Nxd7 Qxd7 20. Qb4 a5 21. Qb6 Qxa4 22. Rxc8+ Rxc8 23. Qxb7 $11 {[%mdl 4096] Endgame KQR-KQR} Qc2 24. g3 h5 {[%cal Bh7h5,Bh5h4][%mdl 32]} 25. d5 exd5 26. exd5 {The position is equal.} Rd8 27. Re1 Qd3 28. Re5 Qf3 29. Qb5 h4 30. Re8+ Rxe8 31. Qxe8+ {KQ-KQ} Kh7 32. Qd7 f5 {[#] ( -> ...h3)} 33. gxh4 Qg4+ 34. Kf1 Qd1+ 35. Kg2 Qg4+ 36. Kf1 a4 37. Qe6 Qd1+ (37... a3 $5 38. d6 $8 Qd1+ 39. Kg2 Qg4+ 40. Kf1 a2 41. Qxa2 Qd1+ 42. Kg2 Qg4+ 43. Kh1 Qd1+ 44. Kg2 Qg4+ 45. Kh1 Qf3+ 46. Kg1 Qg4+ 47. Kf1 Qd1+ 48. Kg2 $11) 38. Kg2 Qg4+ 39. Kf1 Qg6 (39... a3 $5 40. d6 $8 a2 41. Qxa2 Qd1+ 42. Kg2 Qg4+ 43. Kh1 Qf3+ 44. Kg1 Qg4+ 45. Kf1 Qd1+ 46. Kg2 Qg4+ 47. Kh1 Qf3+ 48. Kg1 Qg4+ 49. Kf1 $11) 40. Qc6 a3 41. Qa8 Qd6 42. h5 f4 43. Kg2 $1 Qb4 44. Qe8 f3+ (44... a2 $5 45. Qg6+ $8 Kh8 46. Qe8+ Kh7 47. Qg6+ Kh8 48. Qe8+ Kh7 $11) 45. Kh3 $1 Qb1 (45... a2 $5 46. Qg6+ $8 Kh8 47. Qe8+ Kh7 48. Qg6+ Kh8 49. Qe8+ Kh7 $11) 46. d6 {Threatens to win with d7.} Qf5+ 47. Kg3 {aiming for d7.} Qg5+ 48. Kxf3 {d7 is the strong threat.} Qf6+ 49. Kg2 Qxd6 50. Qa8 Qd3 51. h3 Qb3 52. Qe4+ Kh8 {[#] Hoping for ...a2.} 53. Qa8+ Kh7 {And now ...a2 would win.} 54. Qe4+ {Precision: White = 86%, Black = 85%.} 1/2-1/2

[Event "33rd ECCC Open 2017"]
[Site "Antalya"]
[Date "2017.10.14"]
[Round "6"]
[White "Karjakin, Sergey"]
[Black "Yu, Yangyi"]
[Result "1/2-1/2"]
[WhiteElo "2765"]
[BlackElo "2743"]
[Annotator "TA"]
[PlyCount "60"]
[EventType "team-tourn"]
[EventCountry "TUR"]
[SourceTitle "playchess.com"]
[Source "ChessBase"]
[SourceQuality "1"]
[WhiteTeam "Globus"]
[BlackTeam "Alkaloid"]

{[%evp 9,60,0,20,20,20,25,29,25,35,33,23,0,6,-8,18,18,18,18,22,25,15,2,11,3,12,6,9,1,1,1,1,1,1,3,5,0,5,4,6,6,6,1,2,0,6,0,0,0,0,0,0,0,0]} 1. e4 e5 2. Bc4 Nf6 3. d3 c6 4. Nf3 d5 5. Bb3 Qc7 (5... Bb4+ 6. Bd2 Bd6 7. Nc3 dxe4 8. Ng5 O-O 9. Ncxe4 Be7 10. h4 Nbd7 11. Qf3 Qe8 12. O-O-O a5 13. a3 {1-0 (23) Caruana,F (2817)-Akobian,V (2645) chess.com INT 2017}) 6. O-O {C24: Bishop's Opening: 2...Nf6} dxe4 $146 ({Predecessor:} 6... Bd6 7. Nc3 dxe4 8. dxe4 Nbd7 9. Bg5 h6 10. Bh4 g5 11. Bg3 Nc5 12. Nd2 Be6 13. Bxe6 Nxe6 {0-1 (38) Izquierdo,D (2277)-Coppola,C (2092) Montevideo 2011}) 7. Ng5 Bg4 8. Qe1 {White has an edge.} Bh5 9. Nxe4 Nxe4 10. dxe4 (10. Qxe4 {feels hotter.} Bg6 11. Qe1 Bc5 12. Kh1 O-O 13. f4) 10... Nd7 11. f3 Nc5 12. Be3 Be7 13. Qf2 b6 14. Bc4 O-O 15. Nc3 {The position is equal.} Kh8 16. Rad1 Rad8 17. a3 Nb7 18. Ba2 f6 19. Rxd8 Rxd8 20. Rd1 Bc5 21. Bxc5 Nxc5 22. Qe2 Rxd1+ 23. Qxd1 Qd7 24. Qxd7 Nxd7 $11 {[%mdl 4096] Endgame KBN-KBN} 25. Kf2 Be8 26. Ke3 g6 27. Ne2 Kg7 28. Nc1 Bf7 29. g3 Kf8 30. Bxf7 Kxf7 {Precision: White = 58%, Black = 78%.} 1/2-1/2

[Event "33rd ECCC Open 2017"]
[Site "Antalya"]
[Date "2017.10.14"]
[Round "6"]
[White "Harikrishna, P."]
[Black "Erdos, Viktor"]
[Result "1-0"]
[WhiteElo "2733"]
[BlackElo "2624"]
[Annotator "TA"]
[PlyCount "119"]
[EventType "team-tourn"]
[EventCountry "TUR"]
[SourceTitle "playchess.com"]
[Source "ChessBase"]
[SourceQuality "1"]
[WhiteTeam "Novy Bor"]
[BlackTeam "Baia Mare"]

{[%evp 33,119,7,27,25,20,15,43,21,74,62,68,68,79,69,73,55,60,57,52,39,57,37,27,23,95,93,125,120,122,108,121,125,117,119,106,68,68,64,123,123,118,114,127,128,131,123,116,100,120,117,153,148,227,181,339,337,329,180,186,179,341,345,5127,5422,5142,5135,4600,5127,5142,5127,5107,5106,5020,4851,4792,4792,4792,4792,4622,4614,3268,2456,1366,1122,29983,29984,29985,29986]} 1. e4 e5 2. Nf3 Nc6 3. Bb5 a6 4. Ba4 Nf6 5. O-O b5 6. Bb3 Bc5 7. a4 Rb8 8. c3 d6 9. d4 Bb6 10. axb5 axb5 11. Na3 O-O 12. Nxb5 Bg4 13. Bc2 exd4 {C78: Spanische Partie (Archangelsk- und Möller-Variante)} 14. Nbxd4 Nxd4 15. cxd4 Bxf3 16. gxf3 Nh5 17. f4 (17. Kh1 Qf6 18. Be3 c5 19. e5 Qe6 20. exd6 c4 21. b3 cxb3 22. Bxb3 Qxd6 {½-½ (74) Karjakin,S (2772)-Carlsen,M (2853) New York 2016}) 17... Qh4 {LiveBook: 3 Partien} 18. Ra3 {[%cal Ba1a3,Ba3c3,Bc3c6][%mdl 32]} d5 19. exd5 {[#]} f5 $146 20. Qf3 Rbd8 (20... Qg4+ $1 $11 {hält das Gleichgewicht.} 21. Qxg4 fxg4) 21. Rc3 Kh8 22. Rc6 Qg4+ 23. Qxg4 fxg4 24. f5 Rxd5 25. Be3 Nf6 26. Rd1 Rfd8 27. b4 h5 28. Rc4 Re8 (28... Ne8 $11 {bleibt in der Remisbreite.}) 29. Bf4 $16 Re7 30. Be5 $36 {[%mdl 2048] Weiss ist am Drücker.} Kh7 31. Kf1 Kh6 32. Re1 Kh7 33. Ba4 Rd8 34. Bc6 Rf7 35. Kg2 Nd5 (35... Ne8 $1 $14) 36. Bxd5 Rxd5 37. f3 $1 Rxf5 38. fxg4 hxg4 39. Re4 Rd7 40. Rxg4 Rdf7 41. Rc2 g5 {[#]} 42. Rc6 $1 Rf2+ {[#]} (42... Kg8 $16 43. Rg6+ Kf8 44. R4xg5 (44. R6xg5 Rf2+ 45. Kg3 Rb2 $18) 44... Rf2+ 45. Kg3 Rd2) 43. Kh3 $1 $18 R7f5 $2 (43... R7f3+ 44. Rg3 Rxg3+ 45. Kxg3 Rb2) 44. Re4 ({Nicht} 44. Bxc7 Bxc7 45. Rxc7+ Kg6 $16) 44... Kg8 45. Bxc7 (45. Kg4 $142) 45... Bxc7 46. Rxc7 {[%mdl 4096] Endspiel KTT-KTT} R2f3+ $2 (46... Rf7 {war angesagt.} 47. Rc5 Rh7+ 48. Kg3 Rhxh2 49. Rxg5+ Kf7 50. Rf4+ Rxf4) 47. Kg4 R5f4+ $2 (47... Rf2 48. Rc5 Rf6 49. Rxg5+ Kh7) 48. Rxf4 Rxf4+ 49. Kxg5 Rxd4 {KT-KT} 50. Rb7 Kf8 51. Rb5 Rd1 52. h4 {[%cal Bh2h4,Bh4h5,Bh5h6,Bh6h7][%mdl 32]} Kf7 53. Rb7+ Ke6 54. Rb6+ Kf7 55. h5 Rd5+ 56. Kg4 Rd4+ 57. Kf3 Rh4 58. h6 Ke7 {[#]} 59. h7 $1 Kf7 (59... Rxh7 60. Rb7+) 60. Rb8 {Precision: Weiß = 70%, Schwarz = 37%.} 1-0

[Event "33rd ECCC Open 2017"]
[Site "Antalya"]
[Date "2017.10.14"]
[Round "6"]
[White "Nepomniachtchi, Ian"]
[Black "Kryvoruchko, Yuriy"]
[Result "1/2-1/2"]
[WhiteElo "2733"]
[BlackElo "2692"]
[Annotator "TA"]
[PlyCount "80"]
[EventType "team-tourn"]
[EventCountry "TUR"]
[SourceTitle "playchess.com"]
[Source "ChessBase"]
[SourceQuality "1"]
[WhiteTeam "Globus"]
[BlackTeam "Alkaloid"]

{[%evp 12,80,11,0,0,0,12,14,16,0,0,0,8,0,10,0,0,0,12,0,20,0,0,-33,-31,-31,-34,-41,-25,-62,-62,-45,-53,-62,-50,-60,-65,-60,-66,-93,-67,-72,-39,-41,-23,-23,-21,-10,-28,-30,-6,-7,-7,-7,-7,-7,-7,-7,-10,-8,-7,-8,0,0,0,0,0,0,0,0,0]} 1. c4 Nf6 2. Nc3 e5 3. Nf3 Nc6 4. g3 Bb4 5. Bg2 d6 6. O-O O-O 7. d3 Re8 {A29: English Opening: Four Knights Variation with 4 g3} 8. Na4 d5 9. cxd5 Nxd5 10. Bg5 Qd7 11. Rc1 h6 12. Bd2 Bf8 13. Re1 $146 ({Predecessor:} 13. Nc3 Nb6 14. a3 Qd8 15. Ne4 {1-0 (54) Nepomniachtchi,I (2751)-Palac,M (2525) Tbilisi 2017}) 13... b6 14. Nc3 {[%cal Ba4c3,Bc3d1,Bd1e3,Be3f5][%mdl 32]} Nf6 15. Qa4 {Black must now prevent Nxe5!} Bb7 16. Nh4 Rad8 17. Nd1 {[%cal Rg2c6] [#]} e4 $1 {[%mdl 512] Hoping for ...g5.} 18. Ne3 (18. dxe4 Qxd2) 18... Nd4 19. Qxd7 $1 Rxd7 20. Nhf5 Nxf5 21. Nxf5 c5 22. Bc3 Nd5 23. Bd2 Ne7 24. Nxe7+ Rexe7 25. Rc3 g6 26. Ra3 exd3 27. Rxd3 Bxg2 28. Kxg2 c4 29. Rxd7 Rxd7 $11 {[%mdl 4096] Endgame KRB-KRB} 30. Bc3 Bg7 31. Rc1 {The position is equal.} Bxc3 32. Rxc3 {KR-KR} Rd2 33. Rxc4 Rxb2 34. Ra4 a5 35. Kf3 Kf8 36. Ke3 f5 37. h4 Ke7 38. Kd3 Ke6 39. f3 h5 40. g4 fxg4 {Precision: White = 62%, Black = 80%.} 1/2-1/2

[Event "33rd ECCC Open 2017"]
[Site "Antalya"]
[Date "2017.10.14"]
[Round "6"]
[White "Matlakov, Maxim"]
[Black "Mamedov, Rauf"]
[Result "1/2-1/2"]
[WhiteElo "2730"]
[BlackElo "2678"]
[Annotator "TA"]
[PlyCount "68"]
[EventType "team-tourn"]
[EventCountry "TUR"]
[SourceTitle "playchess.com"]
[Source "ChessBase"]
[SourceQuality "1"]
[WhiteTeam "Mednyi Vsadnik"]
[BlackTeam "Odlar Yurdu"]

{[%evp 26,68,99,108,107,105,110,88,123,122,145,132,115,141,220,89,131,72,64,67,97,92,62,62,62,60,87,20,47,45,33,0,0,0,0,0,0,0,0,0,0,0,0,0,0]} 1. d4 Nf6 2. c4 g6 3. Nc3 Bg7 4. e4 d6 5. Nf3 O-O 6. Be2 e5 7. O-O Nc6 8. d5 Ne7 9. b4 Nh5 10. Re1 Nf4 11. Bf1 h6 12. c5 g5 13. Nd2 {E97: King's Indian: Classical Main Line (6...e5 7 0-0 Nc6): 8 Be3 and 8 d5 Ne7, not 9 Ne1} f5 14. Nc4 {LiveBook: 9 Games} (14. g3 Nfg6 15. Nc4 f4 16. Nb5 Rf6 17. a4 Nh8 18. Ba3 Nf7 19. Be2 Ng6 20. cxd6 cxd6 {1-0 (27) Malakhatko,V (2552)-Rathnakaran,K (2417) Mumbai 2013}) 14... g4 15. cxd6 {White is better.} cxd6 16. Nb5 Rf6 17. Bxf4 $1 exf4 18. e5 dxe5 19. Nxe5 {Strongly threatening Rc1.} ({Inferior is} 19. Rxe5 a6 $15) 19... a6 (19... Ng6 $16 {keeps fighting.}) 20. Nd4 $146 (20. d6 $1 $18 axb5 21. Nf7 $1 {[%mdl 512]} Kxf7 22. dxe7) 20... Kh7 {[#]} 21. Qc2 (21. Ne2 $142 $1) 21... Nxd5 $16 22. Rad1 g3 23. hxg3 fxg3 24. fxg3 Nxb4 25. Qb3 Qf8 $1 26. Kh1 (26. Bc4 $16) 26... Nc6 $1 $11 27. Ndxc6 bxc6 28. Nd7 Bxd7 $1 {The position is equal.} 29. Rxd7 Re8 30. Qd1 {Hoping for Rxg7+!} Rd6 31. Rxd6 Rxe1 32. Qxe1 Qxd6 33. Bxa6 Be5 34. Bd3 Qxd3 {Precision: White = 52%, Black = 56%.} 1/2-1/2

[Event "33rd ECCC Open 2017"]
[Site "Antalya"]
[Date "2017.10.14"]
[Round "6"]
[White "Vitiugov, Nikita"]
[Black "Safarli, Eltaj"]
[Result "1/2-1/2"]
[WhiteElo "2728"]
[BlackElo "2632"]
[Annotator "TA"]
[PlyCount "119"]
[EventType "team-tourn"]
[EventCountry "TUR"]
[SourceTitle "playchess.com"]
[Source "ChessBase"]
[SourceQuality "1"]
[WhiteTeam "Mednyi Vsadnik"]
[BlackTeam "Odlar Yurdu"]

{[%evp 12,119,0,0,31,18,23,27,22,23,12,22,14,12,31,17,16,17,29,31,33,10,11,11,11,6,13,2,9,12,12,9,11,8,10,9,14,12,9,12,10,4,6,4,4,3,14,14,27,27,27,27,28,27,35,27,27,27,27,27,27,27,42,28,66,66,66,66,66,66,66,66,66,66,66,66,66,66,66,66,66,66,66,66,66,66,66,66,66,66,66,66,66,66,66,55,55,38,38,38,38,38,38,0,38,0,38,0,20,0]} 1. d4 Nf6 2. c4 e6 3. g3 d5 4. Bg2 Be7 5. Nf3 O-O 6. Nc3 dxc4 7. Ne5 Nbd7 {E06: Closed Catalan: Early deviations} 8. Nxc4 Nb6 9. Ne5 c5 {White has an edge.} 10. dxc5 {[#] Threatens to win with Qxd8.} Qxd1+ 11. Nxd1 Bxc5 12. O-O Bd6 13. Nd3 {[#]} Nfd5 $146 ({Predecessor:} 13... Rb8 14. a4 Bd7 15. a5 {1-0 (79) Belov,V (2614)-Fridman,D (2649) Berlin 2015}) 14. Ne3 Bd7 15. Nxd5 Nxd5 16. Rd1 Bc6 17. e4 Nb4 18. Nxb4 Bxb4 19. Be3 e5 20. Rac1 Be7 21. a3 Rfd8 22. Rxd8+ Bxd8 23. f3 Kf8 24. Kf2 a6 25. Bf1 Bd7 26. Bc4 (26. Bd3 {seems wilder.} b5 27. Bb1 Be6 28. Rc6 Ke8 29. f4) 26... Rc8 27. Bd5 Rxc1 28. Bxc1 $11 {[%mdl 4096] Endgame KBB-KBB} Bb6+ 29. Ke2 Bb5+ 30. Ke1 Bc6 31. Bxc6 bxc6 {KB-KB} 32. Ke2 Ke7 33. Kd3 g6 34. Bd2 h5 35. h3 Kd6 36. Kc4 Bf2 37. g4 c5 38. Bh6 Kc6 39. Bg7 Bg3 40. Bf8 Bf2 $1 41. Be7 Be3 42. b3 Bf2 43. Bd8 Be3 44. a4 Bf2 45. Bg5 Kd6 46. Bf6 Bg3 47. Bd8 Kc6 48. Bg5 Bf2 49. Be7 Be3 50. Bh4 Bg1 51. Bg3 Kd6 52. Kd3 Ke6 53. gxh5 (53. Bh4 {feels hotter.} Kd6 54. Bg5 Bd4 55. Bh6 Bf2 56. Kc4) 53... gxh5 54. f4 exf4 55. Bxf4 Kd7 $1 56. Ke2 Bd4 57. Kd3 Bg1 58. Ke2 Bd4 59. Kf3 Ke6 60. Ke2 {Precision: White = 78%, Black = 79%.} 1/2-1/2

[Event "33rd ECCC Open 2017"]
[Site "Antalya"]
[Date "2017.10.14"]
[Round "6"]
[White "Jakovenko, Dmitry"]
[Black "Giri, Anish"]
[Result "1/2-1/2"]
[WhiteElo "2710"]
[BlackElo "2762"]
[Annotator "TA"]
[PlyCount "76"]
[EventType "team-tourn"]
[EventCountry "TUR"]
[SourceTitle "playchess.com"]
[Source "ChessBase"]
[SourceQuality "1"]
[WhiteTeam "Alkaloid"]
[BlackTeam "Globus"]

{[%evp 17,76,23,19,20,20,21,14,19,27,18,36,17,26,21,23,10,7,0,0,0,0,0,0,0,0,0,0,-7,-4,-15,-7,-11,-15,-14,-5,-12,-5,-6,-6,-7,-4,-8,-4,-7,-5,-8,0,0,0,-1,4,4,4,4,4,4,4,4,5,5,5]} 1. Nf3 d5 2. d4 Nf6 3. c4 dxc4 4. e3 e6 5. Bxc4 c5 6. O-O Nc6 7. Nc3 a6 8. dxc5 Qxd1 9. Rxd1 Bxc5 {LiveBook: 21 Partien} 10. Be2 {D27: Angenommenes Damengambit (Hauptvariante 7.e4, 7.a4)} O-O $146 ({Vorgänger:} 10... b5 11. Bd2 Bb6 12. Rac1 Bd7 13. Be1 Ke7 14. a4 b4 15. Na2 Nd5 16. e4 Nf4 17. Bf1 {1-0 (55) Melkumyan,H (2635)-Gevorgyan,M (2135) Jermuk 2013}) 11. Bd2 Bd7 12. Rac1 Ba7 13. Ng5 Rfd8 14. Nce4 Nxe4 15. Nxe4 Be8 16. Be1 Rxd1 {Die Stellung ist ausgeglichen.} 17. Bxd1 Ne5 {[#] zielt auf ...Sd3 ab.} 18. Be2 Bc6 19. Bc3 Bxe4 20. Bxe5 f6 21. Bc3 Bd5 22. a3 Rc8 23. Kf1 Kf7 24. Bd2 Rxc1+ 25. Bxc1 $11 {[%mdl 4096] Endspiel KLL-KLL} e5 26. Bd2 Ke6 27. h4 Bc5 28. Bc3 b5 29. Bd1 g6 30. g3 {[%cal Bg2g3,Bg3g4][%mdl 32]} h6 31. Ke2 g5 32. hxg5 hxg5 33. g4 Bg2 34. Bc2 {[#] Schwarz muss nun f3 beachten.} e4 35. Bb3+ Ke7 36. Bd5 Bf3+ 37. Kd2 Bxg4 38. Bxe4 Bc8 {Precision: Weiß = 79%, Schwarz = 70%.} 1/2-1/2

[Event "33rd ECCC Open 2017"]
[Site "Antalya"]
[Date "2017.10.14"]
[Round "6"]
[White "Andreikin, Dmitry"]
[Black "Grischuk, Alexander"]
[Result "1/2-1/2"]
[WhiteElo "2705"]
[BlackElo "2785"]
[Annotator "TA"]
[PlyCount "63"]
[EventType "team-tourn"]
[EventCountry "TUR"]
[SourceTitle "playchess.com"]
[Source "ChessBase"]
[SourceQuality "1"]
[WhiteTeam "Alkaloid"]
[BlackTeam "Globus"]

{[%evp 12,63,0,-2,0,-6,0,0,0,-15,20,-2,20,1,11,12,8,8,12,-6,27,18,20,26,26,27,30,19,31,7,10,0,0,0,0,0,0,0,0,0,0,0,0,0,0,0,0,0,0,0,0,0,0,0]} 1. e4 e5 2. Nf3 Nc6 3. Nc3 Nf6 4. Bb5 Nd4 5. O-O c6 (5... Nxb5 6. Nxb5 c6 7. Nc3 d6 8. d4 Qc7 9. a4 Be7 10. h3 O-O 11. Re1 Re8 12. Bg5 h6 13. Bh4 Nh5 14. Bxe7 Qxe7 15. Re3 Qf6 16. a5 Nf4 17. Kh2 Be6 18. Qd2 {½-½ (58) Naiditsch,A (2696)-Ganguly,S (2672) Monzon 2016}) 6. Bd3 {C48: Four Knights: 4 Bb5, replies other than 4...Bb4} Nxf3+ 7. Qxf3 {LiveBook: 3 Games} d6 8. Be2 Be7 9. d3 O-O 10. Qg3 Be6 $146 ({Predecessor:} 10... Ne8 11. Bg4 f5 12. exf5 Bxf5 13. Be3 Bxg4 14. Qxg4 {½-½ (24) Shabanov,Y (2411)-Pokrovski,P (2257) Moscow 2009}) 11. Kh1 Kh8 12. f4 exf4 13. Bxf4 d5 14. Be5 d4 15. Nb1 {[%cal Bc3b1,Bb1d2,Bd2c4][%mdl 32]} Ne8 (15... Qb6 {feels hotter.} 16. b3 Ne8 17. c3 c5 18. cxd4 cxd4 19. Qf2 Rd8) 16. Bg4 Bxg4 17. Qxg4 f6 18. Bg3 Nd6 19. Nd2 Nf7 20. a4 Bd6 {The position is equal.} 21. Rf3 Be5 22. Nc4 Qe7 23. Raf1 Bxg3 24. Rxg3 {[%csl Gg3][%cal Rg4g7] [#]} Ne5 25. Nxe5 fxe5 {[%cal Rf8f1]} 26. Rgf3 g6 27. h4 Rxf3 28. Rxf3 Kg7 29. h5 Rf8 30. hxg6 hxg6 31. Rxf8 Qxf8 32. Kg1 {Precision: White = 66%, Black = 69%.} 1/2-1/2

[Event "33rd ECCC Open 2017"]
[Site "Antalya"]
[Date "2017.10.14"]
[Round "6"]
[White "Naiditsch, Arkadij"]
[Black "Svidler, Peter"]
[Result "1/2-1/2"]
[WhiteElo "2702"]
[BlackElo "2760"]
[Annotator "TA"]
[PlyCount "87"]
[EventType "team-tourn"]
[EventCountry "TUR"]
[SourceTitle "playchess.com"]
[Source "ChessBase"]
[SourceQuality "1"]
[WhiteTeam "Odlar Yurdu"]
[BlackTeam "Mednyi Vsadnik"]

{[%evp 15,87,-2,0,-15,0,0,0,0,0,0,5,-3,15,15,15,15,15,15,23,23,6,15,15,14,19,19,26,21,26,28,28,17,23,23,60,43,31,54,30,22,21,9,14,9,9,9,10,12,16,7,37,22,26,26,26,27,41,41,40,40,36,0,4,0,0,0,0,0,0,0,0,0,0,0]} 1. d4 Nf6 2. Bf4 d5 3. e3 e6 4. Nd2 Bd6 5. Bg3 O-O 6. Ngf3 c5 7. c3 Nc6 8. Bb5 {D02: 1 d4 d5 2 Nf3 sidelines, including 2...Nf6 3 g3 and 2...Nf6 3 Bf4} Be7 {LiveBook: 16 Games} 9. Qb1 $146 ({Predecessor:} 9. Bd3 Nh5 10. Ne5 g6 11. Nxc6 bxc6 12. O-O Nxg3 13. hxg3 cxd4 14. cxd4 c5 15. dxc5 Bxc5 {1-0 (59) Dubov,D (2677)-Alekseenko,K (2563) Sochi 2017}) 9... Nh5 10. dxc5 Bxc5 11. Bh4 Be7 12. Bxe7 Qxe7 13. c4 Qc5 14. O-O dxc4 15. Bxc4 Nf6 16. Rc1 Qe7 17. a3 Bd7 18. b4 Rfc8 19. Bd3 h6 20. Qb2 Nd8 21. Ne5 Nc6 22. Nxd7 Qxd7 23. Bb5 Qd6 24. Be2 Nd5 25. g3 Qe5 26. Qxe5 Nxe5 27. Ne4 Rd8 28. Nc5 b6 29. Nb3 g5 30. Ba6 Rd7 31. Nd4 Rad8 32. Rc2 Ne7 33. Kf1 Nf5 34. Nxf5 exf5 35. Bc8 Rd2 36. Bxf5 Rxc2 37. Bxc2 $14 {[%mdl 4096] Endgame KRB-KRN} Rd2 38. Bd1 (38. Ra2 {looks sharper.} Kg7 39. Bb3 Nf3 40. h3 h5 41. Ra1) 38... g4 {The position is equal.} 39. Be2 Kg7 40. a4 Rb2 41. b5 h5 42. Rd1 Nf3 43. h4 Ra2 44. Bxf3 {Precision: White = 70%, Black = 67%.} 1/2-1/2